Etická klíma vo vzťahoch zákazník-predávajúci bakalárska práca

Gespeichert in:
Bibliographische Detailangaben
1. Verfasser: Krajčovičová, Dagmar
Körperschaft: Obchodná fakulta EU. Katedra marketingu
Weitere Verfasser: Šveda, Lukáš
Format: Buch
Sprache:Slowakisch
Veröffentlicht: Bratislava 2012
Tags: Tag hinzufügen
Keine Tags, Fügen Sie das erste Tag hinzu!

MARC

LEADER 00000nbm a2200000 4500
001 0154607
005 20161109111854.5
041 0 |a slo 
044 |a SK 
245 1 0 |a Etická klíma vo vzťahoch zákazník-predávajúci  |b bakalárska práca  |c Dagmar Krajčovičová ; školiteľ: Lukáš Šveda 
264 1 |a Bratislava  |c 2012 
300 |a 50 s. 
100 1 |a Krajčovičová, Dagmar 
700 1 |a Šveda, Lukáš 
710 2 |a Obchodná fakulta EU. Katedra marketingu